Astérix - Le Grand Quiz - Statistiques

Statistiques générales
  • Ce quiz a été pris 29 427 fois
    22 219 depuis la dernière actualisation
  • Le résultat moyen est 21 sur 35
Statistiques - réponses
Indice Réponse % Correct
Guerrier gaulois, héros principal de l'œuvre Astérix
100%
Meilleur ami de ce personnage Obélix
100%
Animal de compagnie de ce dernier Idéfix
98%
Boisson qui donne une force surhumaine aux gaulois Potion magique
94%
Druide qui la prépare Panoramix
93%
Chef romain, conquérant de la Gaule, ennemi récurrent Jules César
92%
Reine d'Égypte avec laquelle ce dernier eut une relation amoureuse Cléopâtre
90%
Type d'animal chassé (et mangé rôti) par les villageois Sanglier
90%
qui est livreur de... Menhirs
88%
Exclamation récurrente mentionnant un dieu celte « Par T{outatis} ! »
86%
Complétez cette phrase récurrente : "Ils sont ___ ces Romains !" Fous
84%
Chef du village gaulois Abraracourcix
75%
Barde qui chante comme une casserole Assurancetourix
74%
Date approximative à laquelle se déroulent les aventures {50} av. J.-C.
66%
Femme de ce dernier Bonemine
66%
Créateurs de cet univers Albert Uderzo
62%
Territoire historique, en A, où se situe le village des gaulois Armorique
60%
Obélix Gérard Depardieu
60%
Créateurs de cet univers René Goscinny
57%
Monnaie romaine en circulation dans cet univers S{esterce}
55%
Doyen du village Agecanonix
52%
4 camps romains encerclant le village des gaulois Babaorum
49%
Astérix Christian Clavier
49%
Poissonnier du village Ordralfabétix
48%
4 camps romains encerclant le village des gaulois Petibonum
48%
Forgeron du village Cétautomatix
43%
Astérix Guillaume Canet
39%
Obélix Gilles Lellouche
35%
4 camps romains encerclant le village des gaulois Aquarium
32%
Année de publication du premier album de la série 1961
31%
Département où se trouve le parc à thèmes consacré à cet univers Oise
27%
4 camps romains encerclant le village des gaulois Laudanum
25%
Astérix Clovis Cornillac
23%
Astérix Édouard Baer
22%
Astérix est la deuxième série de BD* la plus vendue au monde, derrière... {One} {Piece}
16%
Aucun quiz correspondant
Distribution des résultats
% des personnes avec chaque résultat
Percentile par nombre de réponses
Votre historique - résultats
Vous n’avez pas pris ce quiz depuis la dernière actualisation